000 01144nam a2200229Ia 4500
003 Ost
005 20260507075432.0
008 260507s9999||||xx |||||||||||||| ||und||
020 _a9961805747
040 _cfsecg
041 _aara
082 _a519.5
100 _aرجم، نصيب
_eمؤلف
245 0 _aدراسة السوق /
_c نصيب رجم
260 _aعنابة:
_bدار العلوم,
_c2004
300 _a244 صفحة؛
_bإيضاحات ؛
_c24 سم
504 _aببليوغرافيا: ص. 222-225 الملاحق ص.226
520 _aيضم اهمية واهداف دراسة السوق، سوق المؤسسة، المنهاج التسويقي، تحليل سلوك المستهلك، نظرية الاهداف، التفريع والتصنيف، طرق ووسائل دراسة السوق، دراسات السوق الخارجي، تقديم نتائج دراسة السوق، دراسة حالة المنتوج الصناعي (دراسة السوق الصناعي)، معالجة نتائج دراسة السوق
653 _aالاحصاء التطبيقي
653 _aالأسواق
942 _cكتاب
999 _c44518
_d44518